000 00564nam a22001577a 4500
005 20251108175408.0
008 250721s2013 xx 000 0 ara d
082 1 4 _aR/413.12/GHA
245 1 0 _aTALAL ABU -GHAZALEH ICT DICTIONARY /
246 1 1 _aمعجم طلال أبو غزالة لتقنية المعلومات والاتصالات عربي -english
264 1 _aعمان :
_bشركة طلال أبو غزالة للترجمة والتوزيع والنشر،
_c2013.
300 _a364 ص.
650 1 7 _aDICTIONARIES
942 _2ddc
_cREF
999 _c133119
_d133119